00858nam a2200229 a 4500001001000000003000500010005001700015008004100032010001100073011001100084040000900095100002800104245012000132260004100252500006000293502007900353650003800432650002700470650003200497650002900529856007000558000112293CHAP20220329144255.0160229s2016 mx |sm |||||||spa d a108754 a109726 cCHAP1 aDelgadillo Ruiz, Olivia10aAnálisis fractal y de series de tiempo de granos básicos en Méxicoh[En línea]cpor Olivia Delgadillo Ruiz. aChapingo, Méx. :bEl autor,c2016. aPara ver el contenido del material haga clic en la liga aTesis (Ph. D. en Problemas Económico Agroindustriales) -- UACH. CIESTAAM14aCerealesxProducciónzMéxico.14aCerealesxRendimiento.14aCultivosxEfecto del clima.14aPronóstico de cosecha. aFinding aiduhttp://10.13.5.2/tesis/sist112293.pdfzTeclea aquí